000
00313nam a2200121Ia 4500
008
240624s9999 xx 000 0 und d
041
_a
eng
082
_a
823 REA
100
_a
READERS DIGEST
245
_a
CLASSIC SHORT STORIES STORIES ABOUT LIFE
260
_a
New Delhi
_b
India Today
300
_a
191 : p. : cm. ; 18
999
_c
5379
_d
5379